000 01169nas a2200313 i 4500
003 DO-SdUA
005 20260430084836.0
007 ta
008 260428e1983 dr qn p|r| || |0spa d
022 _a0257-6457
035 _a(DO-SdUA)44250
040 _aDO-SdUA
_bspa
_cDO-SdUA
_dDO-SdBNP
_erda
041 0 _aspa
245 0 0 _aCuadernos de poética /
_cColectivo de Estudios Poéticos.
264 _aSanto Domingo, República Dominicana :
_bColectivo de Estudios Poéticos,
_c1983-.
300 _avolumen :
_bilustraciones ;
_c23 cm.
310 _aTrimestral.
336 _atexto
_btxt
_2rdacontent
337 _asin mediación
_bn
_2rdamedia
338 _avolumen
_bn
_2rdacarrier
362 0 _aInicio Año 1, No.1 (septiembre-diciembre 1983).
500 _aCatalogación basada: Año 1, No.1 (septiembre-diciembre 1983).
500 _aEste material cambia de formato a partir del año 2018.
504 _aIncluye referencias bibliográficas.
515 _aAlgunos números combinados.
650 7 _aLiteratura
_vPublicaciones periódicas
_2lemb
_989424
_zRepública Dominicana
710 2 _aColectivo de Estudios Poéticos
_989425
942 _2ddc
_cISSUE
999 _c60632
_d60632